=LDR 00000nam 2200000 4500 =001 INLIS000000000048288 =005 20210210014049 =035 ##$$a 0010-101600000000046 =008 210210################g##########0#ind## =040 ##$$a NBPDMAT =082 ##$$a 338.105 986 2 =090 ##$$a 338.105 986 2$bPer p =245 ##$$a Pertanian Bali menggugat : $b Rekonstruksi pemulihan ekonomi /$c Prof. Dr. Bungaran Saragih, Prof. Dr. Dewa Ngurah Suprapta, Dr. Ir. I Gede Ngurah Wididana, Dr. Irg. Made Merta, A.A. Ngurah Alit Wira Putra, SH. MH; editor Edi Setiawan, SP =260 ##$$a Bali :$b MAI,$c 2003 =300 ##$$a xvii, 102 hlm ; $c 21x14 cm =500 ##$$a Biografi Hlm : 99 - 101 =650 #4$$a Ekonomi Pertanian - Bali =700 #$$a Bungaran Saragih...[ et.al.] =850 ##$$a nbpdmat =084 ##$$a 338.105 986 2 PER =990 ##$$a 31600018